KOHA-Header-6

مملکت اے مملکت (Record no. 13626)

000 -LEADER
fixed length control field 00271nam a22001097a 4500
082 ## - DEWEY DECIMAL CLASSIFICATION NUMBER
Classification number 954.91
100 ## - MAIN ENTRY--AUTHOR NAME
Personal name محمود شام
245 ## - TITLE STATEMENT
Title مملکت اے مملکت
260 ## - PUBLICATION, DISTRIBUTION, ETC. (IMPRINT)
Place of publication کراچی
Name of publisher ویلکم بک پورٹ
Year of publication ٢٠٠٧
300 ## - PHYSICAL DESCRIPTION
Number of Pages ٣٥٠ صفحات
942 ## - ADDED ENTRY ELEMENTS (KOHA)
Koha item type Books
Holdings
Withdrawn status Lost status Collection code Permanent Location Current Location Shelving location Date acquired Full call number Accession Number Koha item type
    Urdu Literature MAJU MAJU Shelf No.A11 2022-12-23 954.91 10716 Books

Powered by Koha